[Event "IPCA Russia-Russia Women Deaf"]
[Site "Dresden"]
[Date "2018.10.15"]
[Round "1.1"]
[White "Obodchuk, Andrei"]
[Black "Turkeeva, Yulia"]
[Result "1-0"]
[TotalPlyCount "77"]
[HashCode "c5456397"]
[WhiteElo "2323"]
[BlackElo "2028"]
[Annotator "Rnd./Pair./Board: 01.001.01"]
[PlyCount "77"]

1. d4 d5 2. c4 e6 3. Nc3 Nf6 4. Nf3 Nbd7 5. Bg5 Be7 6. e3 O-O 7. Qc2 c6 8. Rd1 Re8 9. a3 dxc4 10. Bxc4 Nd5 11. Bxe7 Qxe7 12. Ne4 N5f6 13. Ng3 b6 14. O-O Bb7 15. e4 Red8 16. Rfe1 Rac8 17. Ba2 Nf8 18. b4 Ng6 19. h3 h6 20. e5 Ne8 21. Ne4 Rc7 22. Bb1 Rcd7 23. Rc1 Ra8 24. Ned2 Rc8 25. h4 Nf8 26. Qc3 Nc7 27. Bd3 Nd5 28. Qb3 f5 29. exf6 gxf6 30. Ne4 Kh8 31. Ng3 Qf7 32. Be4 Re7 33. Qc2 Rec7 34. Qd2 Kg7 35. Nh2 f5 36. Bxd5 cxd5 37. Rxc7 Qxc7 38. Nf3 Qe7 39. Nxf5+ 1-0

[Event "IPCA Russia-Russia Women Deaf"]
[Site "Dresden"]
[Date "2018.10.15"]
[Round "1.2"]
[White "Gerasimova, Olga"]
[Black "Scerbin, Dmitrij"]
[Result "0-1"]
[TotalPlyCount "62"]
[HashCode "eb80d5bb"]
[WhiteElo "2010"]
[BlackElo "2264"]
[Annotator "Rnd./Pair./Board: 01.001.02"]
[PlyCount "62"]

1. e4 c5 2. Nf3 a6 3. c4 Nc6 4. d4 cxd4 5. Nxd4 Qb6 6. Nc2 Nf6 7. Nc3 e6 8. Be2 Qc7 9. O-O Ne5 10. b3 Ng6 11. f4 Bc5+ 12. Kh1 d6 13. a4 O-O 14. a5 Bd7 15. Bf3 Rad8 16. Qe1 Ba7 17. g3 Bc6 18. Bb2 h5 19. h4 Ng4 20. Qe2 b5 21. Nb4 bxc4 22. Qxc4 Rc8 23. Qxa6 Bd4 24. Rfc1 Bb7 25. Qe2 Qb8 26. Na4 Bxb2 27. Nxb2 Bxe4 28. Bxe4 Qxb4 29. Bxg6 fxg6 30. Qxe6+ Kh7 31. Nd3 Qd2 0-1

[Event "IPCA Russia-Russia Women Deaf"]
[Site "Dresden"]
[Date "2018.10.15"]
[Round "1.3"]
[White "Palin, Denis"]
[Black "Kudriavtseva, Natalia"]
[Result "1-0"]
[TotalPlyCount "63"]
[HashCode "9a5ecbe0"]
[WhiteElo "2133"]
[BlackElo "1975"]
[Annotator "Rnd./Pair./Board: 01.001.03"]
[PlyCount "63"]

1. d4 d5 2. Nf3 Nf6 3. e3 e6 4. Bd3 Be7 5. Nbd2 O-O 6. O-O c5 7. b3 cxd4 8. exd4 Nc6 9. a3 Qc7 10. Bb2 Qf4 11. g3 Qg4 12. Ne5 Qxd1 13. Rfxd1 Nxe5 14. dxe5 Nd7 15. c4 dxc4 16. Nxc4 Nc5 17. Bc2 b5 18. Na5 Re8 19. Bd4 Nb7 20. Be4 Nxa5 21. Bxa8 Nxb3 22. Rab1 Nxd4 23. Rxd4 Bxa3 24. Bc6 Rf8 25. Rxb5 g6 26. Ra5 Bb2 27. Rd3 f6 28. exf6 Bxf6 29. Rxa7 Rf7 30. Rda3 Bd4 31. Rxf7 Kxf7 32. Ra8 1-0

[Event "IPCA Russia-Russia Women Deaf"]
[Site "Dresden"]
[Date "2018.10.15"]
[Round "1.4"]
[White "Panina, Valeria"]
[Black "Lipilin, Ilia"]
[Result "0-1"]
[TotalPlyCount "76"]
[HashCode "73281bd3"]
[WhiteElo "1743"]
[BlackElo "2070"]
[Annotator "Rnd./Pair./Board: 01.001.04"]
[PlyCount "76"]

1. e4 c5 2. Nf3 Nc6 3. d4 cxd4 4. Nxd4 e5 5. Nb3 Bb4+ 6. Bd2 Be7 7. Nc3 Nf6 8. Be2 O-O 9. O-O d5 10. exd5 Nxd5 11. Bf3 Be6 12. Nxd5 Bxd5 13. Bxd5 Qxd5 14. Qe2 Rad8 15. c3 Qd3 16. Qg4 Rd6 17. Be3 f5 18. Qd1 Rfd8 19. Qc1 b6 20. f4 e4 21. Nd4 Nxd4 22. Bxd4 Rd5 23. Rd1 Qc4 24. b3 Qc6 25. b4 Bf6 26. Qe3 Qc4 27. g4 Bxd4 28. Rxd4 Rxd4 29. cxd4 Qxd4 30. Qxd4 Rxd4 31. gxf5 Rxb4 32. Re1 Kf7 33. Kf2 Kf6 34. Re2 Kxf5 35. a3 Rb3 36. Re3 Rxe3 37. Kxe3 b5 38. h3 a5 0-1

[Event "DGSV 1920 e.V.-Russia Deaf"]
[Site "Dresden"]
[Date "2018.10.15"]
[Round "1.1"]
[White "Gruender, Michael"]
[Black "Skorobogatykh, Andrey"]
[Result "1/2-1/2"]
[TotalPlyCount "73"]
[HashCode "5b5406aa"]
[WhiteElo "1941"]
[BlackElo "2160"]
[Annotator "Rnd./Pair./Board: 01.002.01"]
[PlyCount "73"]

1. Nf3 c5 2. c4 Nc6 3. Nc3 g6 4. g3 Bg7 5. Bg2 e6 6. d4 cxd4 7. Nb5 d6 8. Nfxd4 Nxd4 9. Nxd4 a6 10. O-O Ne7 11. e4 O-O 12. Be3 Qc7 13. Qb3 e5 14. Ne2 Be6 15. Rac1 b5 16. Rfd1 Bxc4 17. Qb4 Qb8 18. Bf1 Rd8 19. b3 a5 20. Qd2 Be6 21. Nc3 b4 22. Na4 Bg4 23. Be2 Bxe2 24. Qxe2 Qb7 25. f3 d5 26. Nb6 Rab8 27. exd5 Nxd5 28. Rxd5 Rxd5 29. Nxd5 Qxd5 30. Rc5 Qa8 31. Kf2 a4 32. bxa4 Qxa4 33. Qc4 Qa8 34. Rc7 Kh8 35. Qxf7 Rg8 36. h4 Qe8 37. Qxe8 1/2-1/2

[Event "DGSV 1920 e.V.-Russia Deaf"]
[Site "Dresden"]
[Date "2018.10.15"]
[Round "1.2"]
[White "Smirnov, Andrey"]
[Black "Hoffmann, Rainer"]
[Result "1-0"]
[TotalPlyCount "75"]
[HashCode "7819da98"]
[WhiteElo "2095"]
[BlackElo "1917"]
[Annotator "Gengchun Wong, Mika Hassemeier"]
[PlyCount "41"]

1. d4 Nf6 2. Nf3 b6 3. c4 e6 4. g3 Bb7 5. Bg2 c5 6. O-O cxd4 7. Qxd4 (7. Nxd4 Bxg2 8. Kxg2 { Eine Nebenvariante, die den Weißen Vorteil mindert. }) 7... Nc6 { Der bessere Zug für Schwarz, wäre 7.Le7 der zur Hauptvariante führt. } (7... Be7 8. Nc3 d6 9. Rd1 a6 10. Bg5 (10. b3 Nbd7 11. Ba3 (11. Bb2 O-O) 11... Nc5) 10... Nbd7 11. e4 { Weiß besitz einen minimalen Vorteil durch Raumvorteil. }) 8. Qf4 h6 $6 9. Nc3 g5 $2 10. Qd2 Na5 { Schwarz besitz einen Entwicklungsnachteil und muss sich deswegen auf die Entwicklung konzentrieren. } (10... Bg7) 11. b3 Bg7 12. Ba3 $1 { Verhindert die schwarze Rochade, dadurch wird die schwarze Königssicherheit erschwert. } 12... Ne4 (12... Bf8 13. Bxf8 (13. Bb2 Be7 14. Rad1 O-O 15. Nxg5 $3) 13... Kxf8 14. Rad1 Kg7) 13. Nxe4 Bxe4 14. Rad1 d5 { Schwarz öffnet die Stellung, obwohl sein König noch zentral steht. } 15. Qe3 $1 f5 16. Nd4 $2 Qf6 17. cxd5 exd5 18. Nb5 { [#] } 18... O-O-O $4 (18... Kf7 19. Bxe4 dxe4 20. Rd7+ Kg8 21. Qd2 $18) 19. Qc1+ Kb7 20. Qc7+ Ka6 21. Be7 { Eine schöne Partie mit einer Überleitung von einer strategischen Stellung zu einer Angriffsstellung. } 1-0

[Event "DGSV 1920 e.V.-Russia Deaf"]
[Site "Dresden"]
[Date "2018.10.15"]
[Round "1.3"]
[White "Krause, Stefan"]
[Black "Pogoskin, Roman"]
[Result "1-0"]
[TotalPlyCount "99"]
[HashCode "39ac1162"]
[WhiteElo "1944"]
[BlackElo "2019"]
[Annotator "Rnd./Pair./Board: 01.002.03"]
[PlyCount "99"]

1. d4 d5 2. c4 dxc4 3. Nf3 Nf6 4. Nc3 a6 5. e3 b5 6. a4 b4 7. Nb1 e6 8. Bxc4 Bb7 9. O-O c5 10. Qe2 Nc6 11. Rd1 Be7 12. Nbd2 Qc7 13. Nb3 cxd4 14. exd4 Na5 15. Nxa5 Qxa5 16. Bf4 Qf5 17. Qe5 Qxe5 18. dxe5 Nd5 19. Bg3 O-O 20. Nd2 Rac8 21. Bd3 Rfd8 22. Nb3 Rc7 23. Na5 Bc8 24. Nc4 Rc5 25. f3 Nc7 26. Nb6 Bb7 27. f4 Rc6 28. Bf2 Bc5 29. Bxc5 Rxc5 30. Bxh7+ Kxh7 31. Rxd8 Rc2 32. Rd7 Kg6 33. Rad1 Rxg2+ 34. Kf1 Rc2 35. R1d2 Rc1+ 36. Kf2 Be4 37. Ke3 Bh1 38. Rd1 Rxd1 39. Rxd1 Bc6 40. Rc1 Nd5+ 41. Nxd5 Bxd5 42. Rg1+ Kh6 43. Kd4 a5 44. Kc5 f6 45. exf6 gxf6 46. Kb6 e5 47. fxe5 fxe5 48. Kxa5 b3 49. Kb4 e4 50. Rg3 1-0

[Event "DGSV 1920 e.V.-Russia Deaf"]
[Site "Dresden"]
[Date "2018.10.15"]
[Round "1.4"]
[White "Petrov, Alexey"]
[Black "Usbeck, Karl-Heinz"]
[Result "1/2-1/2"]
[TotalPlyCount "58"]
[HashCode "63d31df7"]
[WhiteElo "1970"]
[BlackElo "1638"]
[Annotator "Rnd./Pair./Board: 01.002.04"]
[PlyCount "58"]

1. e4 e5 2. Nf3 Nc6 3. Bb5 a6 4. Ba4 Nf6 5. O-O b5 6. Bb3 Bc5 7. c3 d6 8. d4 exd4 9. cxd4 Bb6 10. Bg5 h6 11. Bxf6 Qxf6 12. Bd5 Bb7 13. Qc1 Nxd4 14. Nxd4 Bxd5 15. exd5 Bxd4 16. Qc6+ Ke7 17. Qxc7+ Kf8 18. Nc3 Bxc3 19. bxc3 g5 20. Qc6 Kg7 21. a4 Rhc8 22. Qd7 Rxc3 23. axb5 Rd8 24. Qb7 axb5 25. Rab1 Rdc8 26. Rxb5 Rc1 27. Rb1 Rxf1+ 28. Rxf1 Rc2 29. Qb3 Qc3 1/2-1/2

[Event "Deaf Poland-Team Hungary"]
[Site "Dresden"]
[Date "2018.10.15"]
[Round "1.1"]
[White "Strzelecki, Jerzy"]
[Black "Szilágyi, Sámuel Attila"]
[Result "1-0"]
[TotalPlyCount "69"]
[HashCode "fa3739ac"]
[WhiteElo "2011"]
[BlackElo "1905"]
[Annotator "Rnd./Pair./Board: 01.003.01"]
[PlyCount "69"]

1. Nf3 Nf6 2. c4 g6 3. Nc3 Bg7 4. e4 d6 5. d4 Bg4 6. Be3 O-O 7. Be2 Nc6 8. O-O Nd7 9. d5 Bxf3 10. Bxf3 Nce5 11. Be2 f5 12. f4 Nf7 13. Qd2 c6 14. exf5 gxf5 15. Bf3 c5 16. Bf2 Nf6 17. Rfe1 Qd7 18. a3 Rae8 19. h3 b6 20. Rad1 Nh8 21. Kh2 Ng6 22. g3 Rf7 23. b4 cxb4 24. axb4 Rc8 25. Be2 Ne8 26. Bf1 Nf6 27. c5 bxc5 28. bxc5 dxc5 29. Bc4 Nf8 30. d6 e6 31. Qa2 Ng4+ 32. hxg4 Bxc3 33. Rxe6 Kg7 34. Re2 Rf6 35. Re7+ 1-0

[Event "Deaf Poland-Team Hungary"]
[Site "Dresden"]
[Date "2018.10.15"]
[Round "1.2"]
[White "Rév, Miklós"]
[Black "Cwiek, Mariusz"]
[Result "1/2-1/2"]
[TotalPlyCount "57"]
[HashCode "fed4e23d"]
[WhiteElo "2009"]
[BlackElo "1974"]
[Annotator "Rnd./Pair./Board: 01.003.02"]
[PlyCount "57"]

1. e4 c5 2. c3 d5 3. exd5 Qxd5 4. d4 Nf6 5. Nf3 Nc6 6. Be2 cxd4 7. cxd4 e6 8. O-O Be7 9. Nc3 Qd8 10. a3 a6 11. Bd3 b5 12. b4 Bb7 13. Re1 Rc8 14. Ne4 Nxe4 15. Bxe4 O-O 16. Be3 Qd7 17. d5 exd5 18. Qxd5 Qxd5 19. Bxd5 Bf6 20. Rad1 Rfe8 21. Rd3 h6 22. Red1 Ba8 23. h3 Ne5 24. Nxe5 Bxe5 25. Bxa8 Rxa8 26. Bd4 Rad8 27. Bxe5 Rxd3 28. Rxd3 Rxe5 29. Kf1 1/2-1/2

[Event "Deaf Poland-Team Hungary"]
[Site "Dresden"]
[Date "2018.10.15"]
[Round "1.3"]
[White "Marczukiewicz, Jerzy"]
[Black "Voján, István"]
[Result "1-0"]
[TotalPlyCount "115"]
[HashCode "7435db0f"]
[WhiteElo "1929"]
[BlackElo "1913"]
[Annotator "Rnd./Pair./Board: 01.003.03"]
[PlyCount "115"]

1. Nf3 d5 2. d4 c5 3. c4 dxc4 4. e3 Nf6 5. Bxc4 e6 6. O-O Be7 7. Qe2 O-O 8. Nc3 Nc6 9. Rd1 Qc7 10. a3 a5 11. Bd2 Rd8 12. Be1 b6 13. d5 exd5 14. Nxd5 Nxd5 15. Bxd5 Bg4 16. Bxc6 Qxc6 17. Ne5 Bxe2 18. Rxd8+ Bxd8 19. Nxc6 Bf6 20. Bc3 Bxc3 21. bxc3 Kf8 22. Rb1 b5 23. f3 Ra6 24. Kf2 Bd3 25. Rd1 c4 26. Ne5 Rd6 27. e4 Ke7 28. Nxd3 cxd3 29. Ke3 Rb6 30. Rb1 Kd6 31. Kd4 d2 32. Kd3 Kc5 33. e5 Rg6 34. g3 Rh6 35. h4 Rg6 36. g4 Re6 37. f4 f6 38. exf6 Rxf6 39. f5 Rd6+ 40. Kc2 g6 41. Rf1 h6 42. Kd1 Kc4 43. f6 Rd8 44. f7 Rf8 45. Kxd2 Kb3 46. h5 gxh5 47. gxh5 Kxa3 48. Kd3 Kb2 49. Rf2+ Kb3 50. Rf4 b4 51. cxb4 axb4 52. Kd4 Ka3 53. Ke5 b3 54. Kf6 b2 55. Rf3+ Ka2 56. Rf2 Ra8 57. Kg7 Ra7 58. Kg8 1-0

[Event "Deaf Poland-Team Hungary"]
[Site "Dresden"]
[Date "2018.10.15"]
[Round "1.4"]
[White "Cseke, Viktória"]
[Black "Szalko, Maciej"]
[Result "1-0"]
[TotalPlyCount "171"]
[HashCode "833a75f7"]
[WhiteElo "1405"]
[BlackElo "1868"]
[Annotator "Rnd./Pair./Board: 01.003.04"]
[PlyCount "171"]

1. e4 c5 2. Nc3 e6 3. Bc4 a6 4. a4 Qc7 5. d3 b6 6. f4 Bb7 7. Nf3 Nf6 8. Qe2 Nc6 9. e5 Nd4 10. Nxd4 cxd4 11. Ne4 Nxe4 12. dxe4 Bb4+ 13. Kd1 O-O 14. Bd3 b5 15. Bd2 Be7 16. h4 Bc6 17. g4 bxa4 18. g5 Rfb8 19. Ra2 Rb7 20. Rg1 g6 21. h5 Bf8 22. hxg6 hxg6 23. Qh2 Bg7 24. Qh4 Rab8 25. Bc1 Rc8 26. f5 exf5 27. exf5 gxf5 28. g6 Bf3+ 29. Ke1 Qxe5+ 30. Kf2 Bg4 31. gxf7+ Kxf7 32. Re1 Qd6 33. Bg5 Re8 34. Bc4+ Re6 35. Rxa4 Qc6 36. Bxe6+ dxe6 37. Ra3 d3 38. Rxd3 Qxc2+ 39. Rd2 Qc6 40. Qg3 Rxb2 41. Rxb2 Bxb2 42. Qd3 a5 43. Rb1 Be5 44. Rc1 Qb6+ 45. Be3 Qb7 46. Bd2 a4 47. Rb1 Qc6 48. Rb5 Bd4+ 49. Kg3 Qd6+ 50. Kg2 a3 51. Bb4 Qc6+ 52. Kg3 a2 53. Rxf5+ exf5 54. Qxd4 Kg6 55. Qc3 Qa6 56. Ba3 Be2 57. Bb2 Qd6+ 58. Kf2 Bd3 59. Qg7+ Kh5 60. Qf7+ Kg5 61. Qg7+ Kh4 62. Bf6+ Qxf6 63. Qxf6+ Kg4 64. Qe5 Bb1 65. Qg3+ Kh5 66. Qc3 Kg4 67. Ke3 Be4 68. Kf2 Bd5 69. Qb2 Kf4 70. Qd4+ Be4 71. Qd2+ Kg4 72. Qxa2 Kf4 73. Qd2+ Ke5 74. Kg3 Bd5 75. Qf4+ Ke6 76. Kh4 Be4 77. Kg5 Kd5 78. Kf6 Kd4 79. Ke6 Kd3 80. Ke5 Kc3 81. Qe3+ Bd3 82. Qd4+ Kd2 83. Kf4 Kc2 84. Ke3 Be4 85. Qc4+ Kb2 86. Kd2 1-0

[Event "Deutschland Jugend-Niedersachsen"]
[Site "Dresden"]
[Date "2018.10.15"]
[Round "1.1"]
[White "Koll, Lukas"]
[Black "Drewes, Marco"]
[Result "0-1"]
[TotalPlyCount "116"]
[HashCode "1690efc1"]
[WhiteElo "1985"]
[BlackElo "2009"]
[Annotator "Rnd./Pair./Board: 01.004.01"]
[PlyCount "116"]

1. c4 c5 2. g3 Nc6 3. Bg2 g6 4. Nc3 Bg7 5. d3 e6 6. e4 Nge7 7. Nge2 O-O 8. O-O d6 9. f4 f5 10. Kh1 Rb8 11. Be3 Nd4 12. Bxd4 cxd4 13. Nb5 Nc6 14. Rc1 a6 15. Na3 Bd7 16. c5 dxc5 17. Rxc5 Re8 18. e5 Bf8 19. Rc1 Rc8 20. Nc2 Qb6 21. a3 a5 22. Rb1 a4 23. Ne1 Na5 24. Nc1 Bxa3 25. Rf2 Bf8 26. h4 Rc7 27. g4 Bc6 28. Kg1 Rec8 29. Nf3 Bxf3 30. Bxf3 Nb3 31. Na2 Qc5 32. gxf5 gxf5 33. Rg2+ Kh8 34. Qf1 Rg7 35. Rxg7 Bxg7 36. Qf2 b5 37. Bd1 Qe7 38. Bxb3 axb3 39. Nc1 Qb4 40. Ne2 Bf8 41. Rc1 Rc2 42. Ra1 Qd2 43. Ra8 Qd1+ 44. Qf1 Qxe2 45. Rxf8+ Kg7 46. Qxe2 Rxe2 47. Rb8 Rxb2 48. Rxb5 Kg6 49. Rb7 h6 50. Re7 Rc2 51. Rxe6+ Kf7 52. Rxh6 b2 53. Rb6 Rc1+ 54. Kg2 b1=Q 55. Rxb1 Rxb1 56. h5 Kg7 57. Kg3 Rb3 58. Kh4 Kh6 0-1

[Event "Deutschland Jugend-Niedersachsen"]
[Site "Dresden"]
[Date "2018.10.15"]
[Round "1.2"]
[White "Hagemann, Sven"]
[Black "Koll, Linus"]
[Result "1/2-1/2"]
[TotalPlyCount "110"]
[HashCode "800eda60"]
[WhiteElo "2008"]
[BlackElo "1976"]
[Annotator "Rnd./Pair./Board: 01.004.02"]
[PlyCount "110"]

1. e4 c5 2. Nc3 Nc6 3. f4 g6 4. Nf3 Bg7 5. Bb5 Nd4 6. O-O a6 7. Bc4 b5 8. Bd5 Rb8 9. e5 e6 10. Be4 Ne7 11. Nxd4 cxd4 12. Ne2 Qb6 13. Kh1 d6 14. exd6 Qxd6 15. d3 O-O 16. Qe1 Qc5 17. c3 Bb7 18. Nxd4 Bxd4 19. cxd4 Qxd4 20. Rb1 Bxe4 21. dxe4 Rbc8 22. Bd2 Rc4 23. Bc3 Qxe4 24. Qh4 Nf5 25. Qf6 Rxc3 26. Qxc3 Ne3 27. Rg1 Nxg2 28. Qe5 Qxf4 29. Qxf4 Nxf4 30. Rgd1 Nd5 31. Rbc1 Kg7 32. a3 g5 33. Rc6 Ra8 34. Rdc1 Kf6 35. Rd6 Ke5 36. Rcc6 a5 37. Rd7 f5 38. Rxh7 f4 39. Kg2 Ne3+ 40. Kf2 Rd8 41. Ke2 Nc4 42. b3 Nd2 43. Re7 Nxb3 44. Rcxe6+ Kf5 45. Re5+ Kg6 46. Kf3 Rh8 47. R7e6+ Kh5 48. Rd6 b4 49. axb4 axb4 50. Rb5 Re8 51. Rdd5 Kh4 52. Rxb4 Re3+ 53. Kf2 Nc1 54. Rbd4 Re2+ 55. Kg1 Re1+ 1/2-1/2

[Event "Deutschland Jugend-Niedersachsen"]
[Site "Dresden"]
[Date "2018.10.15"]
[Round "1.3"]
[White "Tran, Minh Dat"]
[Black "Ritter, Uwe"]
[Result "0-1"]
[TotalPlyCount "104"]
[HashCode "cdcd336e"]
[WhiteElo "1456"]
[BlackElo "2021"]
[Annotator "Rnd./Pair./Board: 01.004.03"]
[PlyCount "104"]

1. c4 Nf6 2. Nc3 c5 3. g3 d5 4. cxd5 Nxd5 5. Bg2 Nc7 6. d3 e5 7. Nf3 Nc6 8. O-O Be7 9. Bd2 O-O 10. a3 Be6 11. Be3 Nd5 12. Nxd5 Bxd5 13. Rc1 b6 14. Qa4 Rc8 15. Nd2 Nd4 16. Bxd4 Bxg2 17. Kxg2 exd4 18. Qxa7 Qd5+ 19. Nf3 Bd8 20. Qa6 Rc6 21. Qc4 Qd7 22. Ne5 Qd6 23. Nxc6 Qxc6+ 24. Kg1 Re8 25. Rc2 h5 26. a4 h4 27. Qb5 Qe6 28. Qc4 Qf5 29. Qb5 Re5 30. Qc6 g6 31. Qf3 Qd7 32. b3 Kg7 33. Rb1 Bg5 34. g4 f5 35. h3 Be7 36. Kh1 Qe6 37. Rcb2 Bd6 38. Rg1 Bc7 39. Re1 fxg4 40. Qxg4 Qd5+ 41. Qg2 Qd6 42. f4 Re3 43. Rf1 Rg3 44. Qh2 Qd5+ 45. Rf3 Bxf4 46. Qf2 Rxh3+ 47. Kg1 Be3 48. Rxh3 Qg5+ 49. Kf1 Bxf2 50. Kxf2 Qc1 51. Ra2 Qb1 52. Rd2 g5 0-1

[Event "Deutschland Jugend-Niedersachsen"]
[Site "Dresden"]
[Date "2018.10.15"]
[Round "1.4"]
[White "Scheffner, Jarno"]
[Black "Tran, Duc Huy"]
[Result "1-0"]
[TotalPlyCount "47"]
[HashCode "2b4b6d8c"]
[WhiteElo "1808"]
[BlackElo "1456"]
[Annotator "Rnd./Pair./Board: 01.004.04"]
[PlyCount "47"]

1. e4 e5 2. Nf3 Nc6 3. d4 exd4 4. Bc4 d6 5. Nxd4 Nxd4 6. Qxd4 Nf6 7. O-O Be7 8. Nc3 O-O 9. Rd1 c5 10. Qe3 a6 11. a4 Ng4 12. Qd2 Ne5 13. Be2 Be6 14. Nd5 Bxd5 15. Qxd5 Qc7 16. Ra3 Rab8 17. f4 Nc6 18. Rh3 Nd4 19. Bd3 Rbd8 20. Qh5 h6 21. f5 f6 22. Bxh6 d5 23. Bxg7 Kxg7 24. Qg6# 1-0

[Event "Niedersachsen-IPCA Russia"]
[Site "Dresden"]
[Date "2018.10.16"]
[Round "2.1"]
[White "Drewes, Marco"]
[Black "Obodchuk, Andrei"]
[Result "1-0"]
[TotalPlyCount "107"]
[HashCode "afd1989d"]
[WhiteElo "2009"]
[BlackElo "2323"]
[Annotator "Rnd./Pair./Board: 02.001.01"]
[PlyCount "107"]

1. d4 Nf6 2. Nf3 g6 3. c3 Bg7 4. Bf4 d6 5. e3 O-O 6. h3 c5 7. Nbd2 b6 8. Be2 Bb7 9. O-O Nbd7 10. a4 a6 11. Bh2 Qc7 12. Qb1 Rac8 13. Rc1 Qb8 14. b4 cxd4 15. cxd4 Rxc1+ 16. Qxc1 Rc8 17. Qf1 Qa8 18. Rc1 Nd5 19. b5 a5 20. Bc4 N7f6 21. e4 Nb4 22. d5 Nd7 23. Bf4 Nc5 24. Be3 Nxa4 25. Nd4 Nc5 26. Nc6 Re8 27. Rb1 Nc2 28. Bxc5 dxc5 29. Qd3 Nd4 30. Nf3 Nxf3+ 31. Qxf3 Qc8 32. d6 e6 33. Ne7+ Rxe7 34. dxe7 Qd7 35. Qf4 Qxe7 36. Qb8+ Bf8 37. Rd1 Bxe4 38. Qxb6 Qg5 39. Bf1 c4 40. Qxa5 Bc6 41. Rd8 Bxg2 42. Bxg2 Qc1+ 43. Bf1 Qg5+ 44. Kh1 Qc1 45. Rxf8+ Kxf8 46. Qb4+ Kg7 47. Qxc4 Qe1 48. Kg2 e5 49. Qd5 f5 50. Qd8 e4 51. b6 f4 52. Qc7+ Kh6 53. Qxf4+ g5 54. Qe3 1-0

[Event "Niedersachsen-IPCA Russia"]
[Site "Dresden"]
[Date "2018.10.16"]
[Round "2.2"]
[White "Scerbin, Dmitrij"]
[Black "Ritter, Uwe"]
[Result "1-0"]
[TotalPlyCount "109"]
[HashCode "6163aa7c"]
[WhiteElo "2264"]
[BlackElo "2021"]
[Annotator "Rnd./Pair./Board: 02.001.02"]
[PlyCount "109"]

1. e4 c5 2. Nf3 d6 3. c3 Nf6 4. Be2 Bd7 5. e5 dxe5 6. Nxe5 Nc6 7. Nxd7 Qxd7 8. O-O g6 9. a3 a5 10. Bb5 Bg7 11. d3 O-O 12. Be3 Qd5 13. Nd2 Na7 14. Bc4 Qc6 15. a4 Nd5 16. Ne4 b6 17. Qf3 Rad8 18. Bg5 Nc8 19. Rfe1 h6 20. Bd2 Qd7 21. Ng3 Nf6 22. Bb5 Qd5 23. Qxd5 Nxd5 24. Bc4 e6 25. Ne4 Nce7 26. Rab1 Nc6 27. Bb5 Na7 28. Ba6 Nc6 29. f4 Kh7 30. Bb5 Na7 31. Bc4 Nc6 32. g3 Rfe8 33. Bb5 Nde7 34. Be3 Rf8 35. Nd2 Na7 36. Ba6 Nd5 37. Bf2 Nc7 38. Bc4 Nc6 39. Nf3 Nd5 40. Rbd1 Nf6 41. h3 Nd5 42. Re2 h5 43. Red2 Nf6 44. Kg2 Ne7 45. Re1 Nfd5 46. h4 Nf5 47. Ne5 Bh6 48. Nf3 Bg7 49. Rde2 Bf6 50. Bb3 Nh6 51. d4 Ng4 52. Bg1 cxd4 53. Nxd4 Rfe8 54. Nb5 Ne7 55. Bxb6 1-0

[Event "Niedersachsen-IPCA Russia"]
[Site "Dresden"]
[Date "2018.10.16"]
[Round "2.3"]
[White "Scheffner, Jarno"]
[Black "Palin, Denis"]
[Result "1-0"]
[TotalPlyCount "96"]
[HashCode "e818305c"]
[WhiteElo "1808"]
[BlackElo "2133"]
[Annotator "Rnd./Pair./Board: 02.001.03"]
[PlyCount "60"]

1. e4 e6 2. d4 d5 3. Nd2 dxe4 4. Nxe4 Nd7 5. Bd3 Ngf6 6. Qe2 c5 7. Nxf6+ Nxf6 8. dxc5 Qa5+ 9. c3 Qxc5 10. Nf3 Be7 11. Be3 Qa5 12. Bd4 O-O 13. O-O Rd8 14. Rfe1 Bd7 15. Ne5 Be8 16. Qf3 Qd5 17. Qh3 Bc5 18. Bxc5 Qxc5 19. Re3 h6 20. Rae1 Rd5 21. b4 Qc7 22. c4 Rd4 23. Nf3 Rd7 24. Ne5 Rd4 25. Rf3 Kf8 26. Ree3 Ne4 27. Qg4 (27. Qh4 f5 28. Qf4 Kg8 29. h4 Ng5 30. Qxd4 Nxf3+ 31. Nxf3 Bh5 32. c5 Rd8 33. Qc4 Rd5 34. Qc3 Qe7 35. Bc4 Rd1+ 36. Re1 Qf6 37. Qxf6 Rxe1+ 38. Nxe1 gxf6 39. Nd3) 27... f5 28. Qf4 Kg8 29. h4 Nd2 (29... Ng3 30. Qxd4) (29... Nf6 30. Qxd4 Nh5 31. c5 Rd8 32. Qc4 Rd5 33. Qc3 Qe7) 30. Qxd4 Nxf3+ 1-0

[Event "Niedersachsen-IPCA Russia"]
[Site "Dresden"]
[Date "2018.10.16"]
[Round "2.4"]
[White "Lipilin, Ilia"]
[Black "Kewe, Stefan"]
[Result "1-0"]
[TotalPlyCount "100"]
[HashCode "a28ab127"]
[WhiteElo "2070"]
[BlackElo "1861"]
[Annotator "Rnd./Pair./Board: 02.001.04"]
[PlyCount "100"]

1. d4 Nf6 2. c4 e6 3. Nc3 Bb4 4. f3 d5 5. a3 Bxc3+ 6. bxc3 O-O 7. cxd5 exd5 8. e3 Bf5 9. Ne2 Nbd7 10. Ng3 Bg6 11. c4 c6 12. Bd3 Re8 13. O-O Nb6 14. cxd5 cxd5 15. Ra2 Rc8 16. Bxg6 hxg6 17. Qd3 Rc4 18. Bd2 Qe7 19. Re1 Qd7 20. Ba5 Qb5 21. Bxb6 Qxb6 22. Ne2 Qc6 23. Raa1 Nd7 24. Rac1 Nb6 25. Rc3 Rxc3 26. Nxc3 Rc8 27. Rc1 Qd6 28. Ra1 a6 29. Na2 Rc4 30. Rb1 Qc7 31. Qb3 Rc6 32. Qb4 Re6 33. Rc1 Qe7 34. Qxe7 Rxe7 35. Kf2 Rd7 36. Rc3 Kf8 37. Ke2 Ke7 38. Kd3 Ke6 39. Rb3 Nc4 40. Nc3 b5 41. a4 bxa4 42. Nxa4 Rd6 43. e4 Rc6 44. Rb7 Nd6 45. exd5+ Kxd5 46. Nb6+ Rxb6 47. Rxb6 a5 48. Ra6 Ke6 49. Rxa5 Nf5 50. g3 g5 1-0

[Event "Youth Chess Team Russia-Deaf Poland"]
[Site "Dresden"]
[Date "2018.10.16"]
[Round "2.1"]
[White "Arnhold, Steffi"]
[Black "Strzelecki, Jerzy"]
[Result "1/2-1/2"]
[TotalPlyCount "74"]
[HashCode "8f2096ea"]
[WhiteElo "1955"]
[BlackElo "2011"]
[Annotator "Rnd./Pair./Board: 02.002.01"]
[PlyCount "74"]

1. e4 e6 2. d4 d5 3. Nc3 Nf6 4. Bg5 dxe4 5. Nxe4 Be7 6. Bxf6 Bxf6 7. Nf3 Bd7 8. Bd3 Bc6 9. c3 Bxe4 10. Bxe4 c6 11. Qc2 Nd7 12. O-O-O h6 13. h4 Qa5 14. Kb1 O-O-O 15. g3 Kb8 16. Nd2 g5 17. Nc4 Qc7 18. hxg5 hxg5 19. Bg2 Nb6 20. Nxb6 axb6 21. Qe4 b5 22. a3 Qe7 23. f4 gxf4 24. Qxf4+ e5 25. dxe5 Bxe5 26. Rxh8 Rxh8 27. Re1 Bxf4 28. Rxe7 Bxg3 29. Rxf7 Rc8 30. Kc2 Rc7 31. Rxc7 Kxc7 32. Kb3 Bd6 33. a4 bxa4+ 34. Kxa4 b5+ 35. Kb3 Be5 36. c4 bxc4+ 37. Kxc4 Bxb2 1/2-1/2